000 00811nab a2200241 u 4500
001 11610
003 HDC
007 cr bn ---aaaaa
008 210207c mydr|nes 0 a eng d
040 _aHDC
245 0 _aBooming China-Dubai trade to boost global halal trade: official
260 _a[no place] :
_b[publisher not identified],
_c[no year]
336 _atext
_2rdacontent
337 _acomputer
_2rdamedia
338 _aonline resource
_2rdacarrier
650 _aGlobal halal trade
_911960
650 _aHalal industry
_9144
710 _aWantChinaTimes.com
856 _zRequest full-text at [email protected]
942 _2lcc
942 _cNEWS
942 _kNWSO 000391
999 _c8933
_d8933